| 000 | 01020cam a22002531i 4500 | ||
|---|---|---|---|
| 001 | e 15001128 | ||
| 003 | DLC | ||
| 005 | 20260227111204.0 | ||
| 008 | 780228s1913 ag a 001 0 spa c | ||
| 010 | _ae 15001128 | ||
| 035 | _a(OCoLC)3676489 | ||
| 040 |
_aLibrary, U. S. Office of Education _cDNIE _dDLC |
||
| 042 | _apremarc | ||
| 050 | 0 | 0 |
_aLC5255.A7 _bA3 |
| 110 | 1 |
_aArgentine Republic. _bDirecciòn General de Ense ñanza Secundaria, Normal y Especial. |
|
| 245 | 1 | 0 | _aConferencias de extensión de la enseñanza secundaria. |
| 260 |
_aBuenos Aires : _bTalleres gráficos de la Penitenciaría nacional, _c1913. |
||
| 300 |
_a2 p. l., [7]-369 p., 1 l. : _bill., diagrs. |
||
| 500 | _aAt head of title: República argentina. Ministerio de justicia e instrucción pública. Dirección general de enseñanza secundaria y especial. | ||
| 500 | _aIncludes index. | ||
| 650 | 0 |
_aEducation _zArgentina. |
|
| 650 | 0 | _aEducation, Secondary. | |
| 710 | 1 |
_aArgentina. _bMinisterio de Justicia e Instrucción Pública. |
|
| 999 |
_c19829 _d19829 |
||